| 000 | 00420nam a2200169Ia 4500 | ||
|---|---|---|---|
| 003 | IT-RoPAU | ||
| 008 | 120407s9999 xx 000 0 und d | ||
| 040 | _aIT-RoPAU | ||
| 040 | _cIT-RoPAU | ||
| 100 | _aGiuseppe Pellitteri | ||
| 245 | _aIl carattere. Storia, evoluzione morfologica, stile, disegno, fabbricazione | ||
| 260 | _aRaggio | ||
| 300 | _c cm | ||
| 490 | _v1 | ||
| 700 | _aGuido Stefanelli | ||
| 942 | _cBK | ||
| 999 |
_c10108 _d10108 |
||